00670nam a22001337a 450000500170000000800410001705000210005824502860007925000110036526000600037630000170043665000430045371000400049620200123130549.0200123b mx ||||| |||| 00| 0 spa d04aF1234 bD53 196000aDiario de los debates des congreso constituyente 1916-1917b: Ediciones de la comisión Nacional para la celebración del sesquicentenario de la proclamación de la Independencia Nacional y del cincuentenario de la Revolución Mexicana c/ Gobierno de la República Méxicana a1a ed. aMéxico :bGobierno de la República Méxicanac1960 av. ;c22 cm. 72lembaHistoria vCongresos zMéxico 1 aGobierno de la República Mexicana